| 000 | 00453nam a2200169Ia 4500 | ||
|---|---|---|---|
| 003 | OSt | ||
| 005 | 20260306161321.0 | ||
| 008 | 211028s2010 xx 000 0 und d | ||
| 040 | _cAIMIT LIBRARY | ||
| 041 | _aeng | ||
| 100 |
_aKumar, Anil; Rakesh. _g71709 _93140 |
||
| 110 |
_aMedha Kundari. _93141 |
||
| 245 | _aBuilding emit frame work for tap using web 2.0 / | ||
| 260 |
_aBangalore _c2010 |
||
| 710 |
_aHewlett- Packard _93142 |
||
| 942 |
_2ddc _cPRO |
||
| 999 |
_c217132 _d217132 |
||